Responses for Show #3526 - Monday, December 27, 1999

Contestants

[<< previous game]

Grace Kim, a business school administrator from New York City, New York

Morris Morgentaler, a rental car agent from Poway, California

Hal Barron, a college professor from Altadena, California (whose 1-day cash winnings total $9,001)

[next game >>]

Jeopardy! Round responses

THE MONROE DOCTRINE
(Alex: This category is all about Marilyn Monroe.)
'90s KIDS' NAMES
PRESIDENTIAL FACTS
FAMOUS WOMEN
L.A. 2000
CELEBRITY RHYME TIME
    $100 21
Norma Jean Baker

Triple Stumper
    $100 16
Emily

Grace
    $100 1
Lyndon B. Johnson

Triple Stumper
    $100 7
Mrs. (Debbi) Fields

Grace
    $100 26
(M: Who are the Republicans?)

Democratic Party

HalMorris
    $100 6
Goldie's oldies

Grace
    $200 22
Some Like it Hot

Grace
    $200 17
Sarah & Jessica

Grace
    $200 2
Herbert Hoover

Hal
    $200 8
Amy Fisher

Grace
    $200 30
Los Angeles Marathon

Grace
    $200 12
Streep's Jeeps

Hal
    $300 23
Lee Strasberg

Grace
    $300 18
(Hal: What is Lyla?)
(Grace: What is Layla?)
(Morri: What is Ayla?)
...
(Alex: "Layla" was the name of the song.)

Kayla

HalMorrisGrace
Triple Stumper
    $300 3
Andrew Johnson

Hal
    $300 9
Kristi Yamaguchi

Triple Stumper
    $300 29
(H: What are the Emmy Awards?)

Academy Awards (Oscars)

HalGrace
    $300 13
Ben's hens

Grace
    $400 24
(we have a minute to go...)

The Seven Year Itch

Morris
    $400 19
Brianna

Morris
    $500 4
(H: Who is James Madison?)

Thomas Jefferson

Hal
    $400 10
Sally Ride

Triple Stumper
    $400 28
(Alex: And this Friday, by the way, you can go out & take a look at a marvelous laser show at [*].)

the Hollywood Sign

Hal
    $400 14
Val's pals

Grace
    $500 25
Sir Laurence Olivier

Triple Stumper
    $500 20
(H: What is Taylor?)

Tyler

Hal
Triple Stumper
    $500 5
Ulysses S. Grant (Eisenhower & Carter were the others.)

Morris
    $500 11
Pat Schroeder

Grace
    $500 27
(Morris: Who are the Los Angeles Clippers and... [*]...)
(Alex: Stop right there--all we wanted was the NHL team.)

the Los Angeles Kings

Morris
    $500 15
Love's doves

Grace

Scores at the first commercial break (after clue 13):

Hal Morris Grace
$200 $500 $1,200

Scores at the end of the Jeopardy! Round:

Hal Morris Grace
-$400 $1,400 $3,100

Double Jeopardy! Round responses

THE MONROE DOCTRINE
(Alex: The real one this time, not Marilyn.)
ROOFS
THE SUNFLOWER STATE
RACETRACK TALK
THE SWINGIN' '60s
WORD PUZZLES
    $200 16
Margaret Thatcher

Hal
    $200 11
Topeka

Grace
    $200 7
Martin Luther King Jr.

Grace
    $200 1
Man overboard

Grace
    $400 26
(buzzer sounds)

Theodore Roosevelt

Hal
    $400 17
"The Roof of the World"

Morris
    $400 12
Lawrence

Hal
    $400 8
Timothy Leary

Hal
    $400 2
I understand

Morris
    $600 21
Secretary of State

Hal
    $1,000 18
(M: What is tile?)

"(Cat on a Hot) Tin (Roof)"

Morris
    $600 13
Greeley

Hal
    $600 6
Charles Schulz

Grace
    $600 3
Just between you and me

Grace
    $800 22
(with a minute to go...)

Henry Clay

Hal
    $800 19
Sails

Morris
    $800 14
Wichita

Grace
    $800 25
(H: What is the final stretch?)

Homestretch

Hal
Triple Stumper
    $800 9
1967

Morris
    $800 4
(M: What is business?)

Unfinished business

HalMorris
    $2,000 23
(H: What is 1809?)

1823

Hal
    $1000 20
The Dome of the Rock

Hal
    $1000 15
Alf Landon

Grace
    $1000 24
Paddock

Triple Stumper
    $1000 10
Charles de Gaulle

Grace
    $1000 5
(H: What is split timing?)

Split-second timing

HalMorris

Scores at the end of the Double Jeopardy! Round:

Hal Morris Grace
$1,000 $3,000 $7,700
(lock game)

[wagering suggestions for these scores]

Final Jeopardy! Round responses

AUTHORS
HalWho is Cervantes?
$999
MorrisWho is Marco Polo?
$500
GraceWho was Cervantes?
$1,500
Miguel de Cervantes

Final scores:

Hal Morris Grace
$1,999 $2,500 $9,200
3rd place: Epson Photo PC 750Z camera & Stylus 900 printer 2nd place: a Toshiba big screen TV & Cambridge Sound Works home theater system New champion: $9,200

Game dynamics:

Coryat scores:

Hal Morris Grace
$3,500 $4,000 $7,700
14 R,
7 W
(including 2 DDs)
9 R,
4 W
(including 1 DD)
21 R,
1 W

Combined Coryat: $15,200

[game] [game scores] [suggest correction]

Game tape date: 1999-11-02
The J! Archive is created by fans, for fans. Scraping, republication, monetization, and malicious use prohibited; this site may use cookies and collect identifying information. See terms. The Jeopardy! game show and all elements thereof, including but not limited to copyright and trademark thereto, are the property of Jeopardy Productions, Inc. and are protected under law. This website is not affiliated with, sponsored by, or operated by Jeopardy Productions, Inc. Join the discussion at JBoard.tv.